000 00379nam a2200157Ia 4500
008 230711s9999||||xx |||||||||||||| ||und||
041 _aENG
082 _a720
_bUJ-C
100 _aUje Lee Editor
245 0 _aCelebrating the city Urban facilities
250 _a1st Ed.
260 _c2009
_aSeoul
_bC 3 Publications Co.
300 _a293
650 _aArchitecture
942 _cBK
999 _c5055
_d5055